Szczegóły MARC21

Slovnik sinonimiv ukraïns'koï movi : u dvoh tomah. 1, A - O /

005 -DATA I CZAS OSTATNIEJ MODYFIKACJI [,]
    • @
    • pole kontrolne
    • 20080513100622.0
020 -Międzynarod. znormalizowany nr książki - ISBN [ , ]
    • a
    • Numer ISBN
    • 9660005857 Find
020 -Międzynarod. znormalizowany nr książki - ISBN [ , ]
    • a
    • Numer ISBN
    • 9660005172 Find
040 -Instytucja sporządzająca opis [ , ]
    • a
    • Instytucja, która sporządziła opis (NP)
    • SZCZ U/BS
    • c
    • Instytucja, która sporządziła rekord (NP)
    • SZCZ U/BS
    • d
    • Instytucja, która zmodyfikowała rekord (P)
    • SZCZ U/BB
041 -Język dokumentu [0, ]
    • a
    • Język tekstu (P)
    • ukraiński
044 -Kraj miejsca wydania [ , ]
    • a
    • Kraj miejsca wydania
    • Ukraina
942 -Rodzaj dokumentu [ , ]
    • c
    • Rodzaj dokumentu
    • Książka
245 -Strefa tytułu i oznaczenia odpowiedzialności [0,0]
    • a
    • Tytuł
    • Slovnik sinonimiv ukraïns'koï movi : Find
    • b
    • Ciąg dalszy tytułu (NP)
    • u dvoh tomah. Find
    • n
    • Oznaczenie części (P)
    • 1,
    • p
    • Nazwa części (P)
    • A - O /
    • c
    • Pozostałe elementy strefy tytułu i oznaczenia odpowiedzialności (NP)
    • [avt. A. A. Burâčok ta in.] ; Nacional'na Akademiâ Nauk Ukraïni. Institut movoznavstva im. O. O. Potebni. Institut ukraïns'koj movi.
260 -Strefa adresu wydawniczego [ , ]
    • a
    • Miejsce wydania (P)
    • Kiïv :
    • b
    • Nazwa wydawcy (P)
    • "Naukova dumka",
    • c
    • Data wydania (P)
    • 2006.
300 -Strefa opisu fizycznego [ , ]
    • a
    • Określenie formy książki i/lub objętość (NP)
    • IX, 1026 s. ;
    • c
    • Format (NP)
    • 25 cm.
440 -Strefa serii i książki wielotomowej - forma do wyszukiwania [ ,0]
    • a
    • Tytuł (NP)
    • Slovniki Ukraïni Find
546 -Uwaga dot. języka [ , ]
    • a
    • Uwaga dot. języka
    • Tekst ukr.
    • b
    • Uwaga dot. alfabetu
    • Alfabet cyrylicki.
080 -Uniwersalna Klasyfikacja Dziesiętna [ , ]
    • 2
    • Identyfikator wydania tablic
    • UDC-P058
    • a
    • Symbol klasyfikacji
    • 811.161.2'373.421'374
    • b
    • Dopowiedzenie
    • Język ukraiński. - Słowniki synonimiczne.
980 -Symbol UKD [ , ]
    • a
    • UKD
    • 811.161.2'373.421'374
700 -Hasło dodatkowe - nazwa osobowa [1, ]
    • a
    • Nazwa osobowa (NP)
    • Burâčok, Andrij Andrijovič. Find
920 -ISBN [ , ]
    • a
    • ISBN
    • 966-00-0585-7 Find
920 -ISBN [ , ]
    • a
    • ISBN
    • 966-00-0517-2 (t.1) Find
Sygnatura Data inwentaryzacji Lokalizacja Status udost. Numer inwentarzowy
UKR. Słow. jęz. ukraińskiego 032008-07-14BM1P.21256